000 00464nam a2200169 4500
001 118087
003 ES-MaACL
005 20230906191028.0
007 t|
008 070214s1969 sp r ||||1| spa d
100 1 _aPellecer, Carlos Manuel.
_990056
245 1 0 _aUtiles después de muertos /
_cCarlos Manuel Pellecer.
250 _a[1ª ed.].
260 _aBarcelona :
_bCaralt,
_c1969.
300 _a489 p. ;
_c20 cm.
852 _aES-MaACL
_jC-35990
_bR.69612
999 _c118087
_d118087